[Event "NAYCC U12 w"]
[Site "Toronto CAN"]
[Date "2013.08.18"]
[Round "9"]
[White "Xu, Allyson"]
[Black "Liu, Jiaxin (Dora)"]
[Result "0-1"]
[WhiteElo "967"]
[BlackElo "1693"]
[PlyCount "130"]
[GameId "2160767909275813"]
[EventDate "2013.08.14"]
[EventType "swiss"]
[EventRounds "9"]
[EventCountry "CAN"]
[SourceTitle "hb 2013"]

1. e4 c5 2. Ne2 Nc6 3. g3 Nf6 4. Bg2 e6 5. O-O Be7 6. c3 d5 7. exd5 exd5 8. d4 Bg4 9. Be3 c4 10. Nd2 O-O 11. b3 cxb3 12. axb3 Bxe2 13. Qxe2 Re8 14. h3 Bf8 15. Qd1 Bd6 16. Re1 Qd7 17. Bg5 Be7 18. Nf3 Ne4 19. Bxe7 Rxe7 20. Qc2 Rc8 21. Qb2 Ree8 22. Rac1 Rcd8 23. Nd2 f5 24. Nxe4 fxe4 25. Qd2 Ne7 26. c4 Nc6 27. Red1 dxc4 28. Rxc4 b5 29. Rxc6 Qxc6 30. Qf4 Qd6 31. Qf5 Qd5 32. Qf4 Qxb3 33. Re1 Rxd4 34. Bxe4 Rd1 35. Rxd1 Qxd1+ 36. Kg2 Qd7 37. Bf3 a5 38. Qc1 Qd4 39. Qb1 b4 40. Qb3+ Kh8 41. Qf7 Qd8 42. Bd1 Qe7 43. Qh5 Qe4+ 44. Bf3 Qe5 45. Qf7 Qe7 46. Qc4 a4 47. Qb5 a3 48. Qa4 Rb8 49. Qb3 Qa7 50. Bd1 a2 51. Bf3 a1=Q 52. Qe6 Qf6 53. Qb3 Qa3 54. Qd1 Qaxf3+ 55. Qxf3 Qxf3+ 56. Kxf3 b3 57. h4 b2 58. h5 b1=Q 59. h6 gxh6 60. g4 Qd3+ 61. Kf4 Re8 62. g5 hxg5+ 63. Kxg5 Qf3 64. Kh6 Qg4 65. f3 Qg6# 0-1

[Event "NAYCC U12 w"]
[Site "Toronto CAN"]
[Date "2013.08.18"]
[Round "9"]
[White "Yu, Jennifer"]
[Black "Palakollu, Samritha"]
[Result "1-0"]
[WhiteElo "1993"]
[BlackElo "1761"]
[PlyCount "61"]
[GameId "2160767909275814"]
[EventDate "2013.08.14"]
[EventType "swiss"]
[EventRounds "9"]
[EventCountry "CAN"]
[SourceTitle "EXT 2022"]
[Source "ChessBase"]
[SourceDate "2021.10.06"]
[SourceVersion "1"]
[SourceVersionDate "2021.10.06"]
[SourceQuality "1"]

1. c4 Nf6 2. Nc3 e6 3. e4 d5 4. e5 Nfd7 5. d4 dxc4 6. Bxc4 Nb6 7. Bb3 c5 8. Nge2 Nc6 9. dxc5 Qxd1+ 10. Kxd1 Bxc5 11. Ne4 Be7 12. f4 f6 13. exf6 gxf6 14. Bd2 e5 15. fxe5 fxe5 16. h3 Nd4 17. Nxd4 exd4 18. Re1 Kd8 19. Ng5 Bxg5 20. Bxg5+ Kd7 21. Re4 Rf8 22. Rxd4+ Kc6 23. Rc1+ Kb5 24. a4+ Ka6 25. Rc5 Rf1+ 26. Ke2 Rf5 27. Rxf5 Bxf5 28. Bd2 Re8+ 29. Kd1 Re5 30. Rd6 Ra5 31. Bc4+ 1-0

[Event "NAYCC U12 w"]
[Site "Toronto CAN"]
[Date "2013.08.18"]
[Round "9"]
[White "Zhou, Lily"]
[Black "Saremi, Yekta"]
[Result "1/2-1/2"]
[WhiteElo "1641"]
[BlackElo "1415"]
[PlyCount "72"]
[GameId "2160767909275815"]
[EventDate "2013.08.14"]
[EventType "swiss"]
[EventRounds "9"]
[EventCountry "CAN"]
[SourceTitle "hb 2013"]

1. d4 Nf6 2. Bg5 e6 3. e4 Be7 4. Bd3 h6 5. Bh4 d5 6. e5 Nfd7 7. Bxe7 Qxe7 8. f4 c5 9. dxc5 Nxc5 10. Be2 Ne4 11. Nf3 Qb4+ 12. Nbd2 Nxd2 13. Qxd2 Qxb2 14. Qc1 Qxc1+ 15. Rxc1 Nc6 16. c4 dxc4 17. Bxc4 O-O 18. O-O b6 19. Bb5 Nb4 20. a3 Nd5 21. Bc6 Rb8 22. Nd2 Bb7 23. Bxb7 Rxb7 24. Ne4 Ne3 25. Rf3 Nd5 26. Rff1 Rd8 27. Nd6 Rbb8 28. g3 f6 29. Nb5 a6 30. Nd4 Re8 31. Rc6 Kf7 32. exf6 gxf6 33. Re1 e5 34. Nf5 Kg6 35. Nd6 Re7 36. fxe5 Re6 1/2-1/2

[Event "NAYCC U12 w"]
[Site "Toronto CAN"]
[Date "2013.08.18"]
[Round "9"]
[White "Zhu, Jiarong"]
[Black "Sengupta, Sikata"]
[Result "1-0"]
[WhiteElo "1224"]
[BlackElo "1513"]
[PlyCount "109"]
[GameId "2160767909275816"]
[EventDate "2013.08.14"]
[EventType "swiss"]
[EventRounds "9"]
[EventCountry "CAN"]
[SourceTitle "EXT 2022"]
[Source "ChessBase"]
[SourceDate "2021.10.06"]
[SourceVersion "1"]
[SourceVersionDate "2021.10.06"]
[SourceQuality "1"]

1. e4 e6 2. d4 d5 3. Nd2 dxe4 4. Nxe4 Bd7 5. Nf3 Bc6 6. Nc3 Bxf3 7. Qxf3 c6 8. Be3 Qb6 9. Nd1 Nf6 10. c3 Qc7 11. Bc4 Bd6 12. h3 Nbd7 13. O-O O-O 14. Bg5 Rfe8 15. Ne3 h6 16. Bh4 e5 17. Ng4 e4 18. Nxf6+ Nxf6 19. Qe3 Bf4 20. Qe2 e3 21. Qf3 exf2+ 22. Bxf2 Ne4 23. Be1 Bh2+ 24. Kh1 Ng5 25. Qf5 Bd6 26. Bh4 g6 27. Qf6 Ne6 28. Rae1 Rf8 29. Bxe6 fxe6 30. Qxg6+ Qg7 31. Qxe6+ Rf7 32. Qxd6 Raf8 33. Rxf7 Qxf7 34. Qxh6 Qf5 35. Re7 Qf1+ 36. Kh2 Qf4+ 37. Qxf4 Rxf4 38. Bg3 Rf7 39. Rxf7 Kxf7 40. Bf2 a6 41. g4 Kf6 42. h4 Kg6 43. Kg3 Kh6 44. Kf4 Kg6 45. h5+ Kh6 46. Kf5 c5 47. dxc5 b5 48. c6 b4 49. cxb4 a5 50. bxa5 Kh7 51. c7 Kh6 52. c8=Q Kh7 53. Qc6 Kh8 54. Qc7 Kg8 55. Kf6 1-0

[Event "NAYCC U14"]
[Site "Toronto CAN"]
[Date "2013.08.14"]
[Round "1"]
[White "Aghamalian, Derick"]
[Black "Pillai, Kadhir A"]
[Result "0-1"]
[WhiteElo "1722"]
[BlackElo "2134"]
[PlyCount "70"]
[GameId "2160767909275817"]
[EventDate "2013.08.14"]
[EventType "swiss"]
[EventRounds "9"]
[EventCountry "CAN"]
[SourceTitle "EXT 2022"]
[Source "ChessBase"]
[SourceDate "2021.10.06"]
[SourceVersion "1"]
[SourceVersionDate "2021.10.06"]
[SourceQuality "1"]

1. e4 c6 2. d4 d5 3. exd5 cxd5 4. Nf3 Nc6 5. c4 Nf6 6. Nc3 Bg4 7. cxd5 Nxd5 8. Be2 e6 9. h3 Bh5 10. O-O Bb4 11. Ne4 O-O 12. a3 Be7 13. Ng3 Bxf3 14. Bxf3 Bf6 15. Ne2 Qb6 16. Qa4 Nxd4 17. Nxd4 Bxd4 18. Bxd5 exd5 19. Qc2 Rac8 20. Qd2 Rfd8 21. Rd1 Bf6 22. Qe3 d4 23. Qd3 Rc6 24. Rb1 Rdc8 25. Bd2 g6 26. Rdc1 Rxc1+ 27. Rxc1 Rxc1+ 28. Bxc1 Qc6 29. Bd2 b5 30. Kf1 a6 31. Qb1 Qc4+ 32. Ke1 d3 33. Qc1 Qe4+ 34. Kf1 Qe2+ 35. Kg1 Bd4 0-1

[Event "NAYCC U14"]
[Site "Toronto CAN"]
[Date "2013.08.14"]
[Round "1"]
[White "Balachandran, Shesan"]
[Black "Valdez Torres, Nestor Josue"]
[Result "0-1"]
[WhiteElo "1227"]
[BlackElo "1903"]
[PlyCount "104"]
[GameId "2160767909275818"]
[EventDate "2013.08.14"]
[EventType "swiss"]
[EventRounds "9"]
[EventCountry "CAN"]
[SourceTitle "EXT 2022"]
[Source "ChessBase"]
[SourceDate "2021.10.06"]
[SourceVersion "1"]
[SourceVersionDate "2021.10.06"]
[SourceQuality "1"]

1. c4 c5 2. Nc3 d6 3. g3 g6 4. Bg2 Bg7 5. Nf3 Nc6 6. d3 e6 7. O-O Nge7 8. Be3 O-O 9. Qd2 a6 10. Bh6 b6 11. Bxg7 Kxg7 12. d4 Bb7 13. dxc5 dxc5 14. Qxd8 Rfxd8 15. Rab1 Rab8 16. Rfd1 h5 17. Rxd8 Rxd8 18. Na4 Nc8 19. Ne5 Rd6 20. Nxc6 Bxc6 21. Bxc6 Rxc6 22. f4 b5 23. cxb5 axb5 24. Nc3 Nd6 25. Kf2 Kf6 26. Kf3 Nc4 27. Kf2 Nd6 28. b3 Ke7 29. e4 b4 30. e5 bxc3 31. exd6+ Rxd6 32. Ke3 Rd2 33. Rc1 Rxa2 34. Rxc3 Kd6 35. h4 Rg2 36. Kf3 Rd2 37. Ke3 Rd4 38. Rd3 Rxd3+ 39. Kxd3 Kd5 40. Kc3 f6 41. Kd3 e5 42. fxe5 fxe5 43. Ke3 e4 44. Kf4 Kd4 45. Kg5 e3 46. Kxg6 e2 47. Kxh5 e1=Q 48. g4 Qe8+ 49. Kh6 Qh8+ 50. Kg5 Ke5 51. Kg6 Qxh4 52. g5 Kf4 0-1

[Event "NAYCC U14"]
[Site "Toronto CAN"]
[Date "2013.08.14"]
[Round "1"]
[White "Bian, Alex"]
[Black "Cheung, Lukas"]
[Result "1-0"]
[WhiteElo "2059"]
[BlackElo "1604"]
[PlyCount "71"]
[GameId "2160767909275819"]
[EventDate "2013.08.14"]
[EventType "swiss"]
[EventRounds "9"]
[EventCountry "CAN"]
[SourceTitle "hb 2013"]

1. e4 Nc6 2. d4 d5 3. e5 Bf5 4. Nf3 e6 5. c3 Nge7 6. Be2 Qd7 7. O-O h6 8. a4 g5 9. b4 Ng6 10. Ne1 Bg7 11. Na3 Nge7 12. Nd3 b6 13. Nc2 Bg6 14. f4 f6 15. exf6 Bxf6 16. b5 Nd8 17. fxg5 Bxg5 18. Ne5 Qc8 19. Nxg6 Nxg6 20. Bh5 Rg8 21. Bxg6+ Kd7 22. Bxg5 Rxg6 23. Bh4 Rg7 24. Rf8 Re7 25. Bxe7 Kxe7 26. Qf3 Qd7 27. Nb4 Rc8 28. Qf6+ Kd6 29. Qe5+ Ke7 30. Rxd8 Kxd8 31. Nc6+ Ke8 32. Qh8+ Kf7 33. Ne5+ Ke7 34. Qg7+ Ke8 35. Qxd7+ Kf8 36. Qf7# 1-0

[Event "NAYCC U14"]
[Site "Toronto CAN"]
[Date "2013.08.14"]
[Round "1"]
[White "Dommalapati, Abhinay"]
[Black "D'Alonzo, Joseph"]
[Result "1-0"]
[WhiteElo "1945"]
[BlackElo "1228"]
[PlyCount "113"]
[GameId "2160767909275820"]
[EventDate "2013.08.14"]
[EventType "swiss"]
[EventRounds "9"]
[EventCountry "CAN"]
[SourceTitle "hb 2013"]

1. d4 e6 2. c4 d5 3. Nc3 Nf6 4. cxd5 exd5 5. Bg5 Be7 6. e3 h6 7. Bh4 O-O 8. Qc2 c6 9. Bd3 Re8 10. Nf3 Nbd7 11. O-O Nf8 12. Rab1 Nh5 13. Bxe7 Qxe7 14. b4 a6 15. a4 b5 16. Ne2 Bb7 17. Ne5 Rac8 18. Rfc1 Qe6 19. Bf5 Qf6 20. Bxc8 Rxc8 21. g4 Qg5 22. f4 Nxf4 23. exf4 Qh4 24. Qf5 Qe7 25. axb5 axb5 26. Nc3 f6 27. Nxd5 cxd5 28. Rxc8 Bxc8 29. Qxc8 fxe5 30. fxe5 Qg5 31. Rf1 Qe3+ 32. Rf2 Qe1+ 33. Kg2 Qe4+ 34. Kg3 Qe3+ 35. Rf3 Qe1+ 36. Kh3 Qxb4 37. Qc5 Qxc5 38. dxc5 Ne6 39. Rc3 b4 40. Rb3 Nxc5 41. Rxb4 Nd3 42. Rd4 Nxe5 43. Rxd5 Nf3 44. Kg3 Ng5 45. Kf4 Kf8 46. Rxg5 hxg5+ 47. Kxg5 Kf7 48. Kf5 g6+ 49. Kg5 Kg7 50. h4 Kh7 51. Kf6 Kh6 52. g5+ Kh7 53. Kf7 Kh8 54. Kxg6 Kg8 55. Kh6 Kh8 56. g6 Kg8 57. g7 1-0

[Event "NAYCC U14"]
[Site "Toronto CAN"]
[Date "2013.08.14"]
[Round "1"]
[White "Forsyth, Dane"]
[Black "Karp, Eli"]
[Result "0-1"]
[WhiteElo "1180"]
[BlackElo "1843"]
[PlyCount "84"]
[GameId "2160767909275821"]
[EventDate "2013.08.14"]
[EventType "swiss"]
[EventRounds "9"]
[EventCountry "CAN"]
[SourceTitle "hb 2013"]

1. d4 e6 2. c4 c5 3. e3 cxd4 4. exd4 Nf6 5. Nc3 d5 6. c5 b6 7. Bb5+ Bd7 8. b4 Bxb5 9. Nxb5 bxc5 10. Qa4 Nbd7 11. Bf4 e5 12. Bxe5 Nxe5 13. Nc7+ Ke7 14. Nxa8 Nd3+ 15. Kf1 Qxa8 16. bxc5 Ne4 17. Nh3 Qb7 18. Qb3 Nd2+ 19. Ke2 Nxb3 20. axb3 Nb4 21. Kf3 f6 22. Rhe1+ Kf7 23. Rab1 Be7 24. Nf4 Re8 25. Re6 Nc2 26. c6 Nxd4+ 27. Ke3 Qb4 28. Nxd5 Nf5+ 29. Kd3 Qd4+ 30. Ke2 Kxe6 31. Nc7+ Kf7 32. Nxe8 Kxe8 33. c7 Qc5 34. c8=Q+ Qxc8 35. g4 Qc2+ 36. Kf3 Nd4+ 37. Ke3 Qxb1 38. Kxd4 Qxb3 39. Ke4 Qc3 40. f3 g5 41. h3 Bc5 42. Kf5 Qe5# 0-1

[Event "NAYCC U14"]
[Site "Toronto CAN"]
[Date "2013.08.14"]
[Round "1"]
[White "Graif, William"]
[Black "Yaskolko, Alexander"]
[Result "1-0"]
[WhiteElo "2096"]
[BlackElo "1720"]
[PlyCount "63"]
[GameId "2160767909275823"]
[EventDate "2013.08.14"]
[EventType "swiss"]
[EventRounds "9"]
[EventCountry "CAN"]
[SourceTitle "hb 2013"]

1. e4 c5 2. Nf3 d6 3. d4 cxd4 4. Nxd4 Nf6 5. Nc3 g6 6. Be3 Bg7 7. f3 O-O 8. Qd2 Nc6 9. O-O-O d5 10. exd5 Nxd5 11. Nxc6 bxc6 12. Bd4 Nxc3 13. Qxc3 Bxd4 14. Rxd4 Qb6 15. h4 Be6 16. h5 Rfd8 17. Rdh4 g5 18. Re4 c5 19. Bd3 Rd4 20. Re5 Rd5 21. Rxd5 Bxd5 22. Qe5 Be6 23. Qxg5+ Kh8 24. h6 Rg8 25. Qe5+ f6 26. Qe4 Rg6 27. f4 c4 28. Be2 Qc5 29. Qxe6 Rxg2 30. Rd1 Rg8 31. f5 c3 32. Qxg8+ 1-0

[Event "NAYCC U14"]
[Site "Toronto CAN"]
[Date "2013.08.14"]
[Round "1"]
[White "Huang, Patrick"]
[Black "Doknjas, John"]
[Result "0-1"]
[WhiteElo "1632"]
[BlackElo "2086"]
[PlyCount "68"]
[GameId "2160767909275824"]
[EventDate "2013.08.14"]
[EventType "swiss"]
[EventRounds "9"]
[EventCountry "CAN"]
[SourceTitle "hb 2013"]

1. d4 Nf6 2. c4 c5 3. d5 e6 4. Nc3 exd5 5. cxd5 d6 6. e4 g6 7. Bg5 Bg7 8. Bb5+ Bd7 9. Bc4 O-O 10. Nf3 b5 11. Bxb5 Bxb5 12. Nxb5 Qa5+ 13. Nc3 Nxe4 14. O-O Nxc3 15. bxc3 Bxc3 16. Rb1 Re8 17. Bf4 Qxa2 18. Bxd6 Rd8 19. Bxb8 Raxb8 20. Rxb8 Rxb8 21. d6 Rd8 22. Qd3 Bd4 23. Nxd4 Qd5 24. Qb3 Qxd4 25. Rd1 c4 26. Qa4 Qc5 27. d7 Qc7 28. Rc1 Rxd7 29. Rxc4 Qxc4 30. Qxc4 Rd1+ 31. Qf1 Rxf1+ 32. Kxf1 Kg7 33. Ke2 Kf6 34. Kd3 Ke5 0-1

[Event "NAYCC U14"]
[Site "Toronto CAN"]
[Date "2013.08.14"]
[Round "1"]
[White "Katznelson, Roy"]
[Black "Guo, Richard"]
[Result "0-1"]
[WhiteElo "998"]
[BlackElo "1766"]
[PlyCount "60"]
[GameId "2160767909275825"]
[EventDate "2013.08.14"]
[EventType "swiss"]
[EventRounds "9"]
[EventCountry "CAN"]
[SourceTitle "hb 2013"]

1. d4 d6 2. c4 Nf6 3. Bf4 g6 4. e3 Bg7 5. Nf3 Nbd7 6. Be2 a6 7. O-O O-O 8. Nc3 Nb6 9. b3 Bd7 10. Bd3 Bg4 11. h3 Bd7 12. Re1 Nh5 13. Ne2 Nxf4 14. Nxf4 e5 15. Ne2 Re8 16. Be4 exd4 17. Bxb7 Ra7 18. Bxa6 dxe3 19. Bb5 exf2+ 20. Kxf2 Bxb5 21. cxb5 Bxa1 22. Qxa1 Qa8 23. Nc3 Rxe1 24. Kxe1 Nd5 25. Nxd5 Qxd5 26. Qf6 Rxa2 27. Qd8+ Kg7 28. Qxc7 Qe4+ 29. Kd1 Qe2+ 30. Kc1 Ra1# 0-1

[Event "NAYCC U14"]
[Site "Toronto CAN"]
[Date "2013.08.14"]
[Round "1"]
[White "Kong, Aaron"]
[Black "Saha, Ananda"]
[Result "1-0"]
[WhiteElo "1154"]
[BlackElo "1806"]
[PlyCount "73"]
[GameId "2160767909275826"]
[EventDate "2013.08.14"]
[EventType "swiss"]
[EventRounds "9"]
[EventCountry "CAN"]
[SourceTitle "hb 2013"]

1. e4 b6 2. c4 Bb7 3. Nc3 e6 4. d4 Nf6 5. Bd3 Bb4 6. Qf3 h6 7. Nge2 O-O 8. O-O c5 9. Be3 Nc6 10. dxc5 Bxc3 11. Nxc3 Ne5 12. Qe2 bxc5 13. Bxc5 d6 14. Ba3 Rc8 15. Nb5 Rc6 16. Nxa7 Ra6 17. Nb5 Nxd3 18. Qxd3 Nxe4 19. Rad1 Qg5 20. f3 Nc5 21. Qd2 Qe5 22. Rfe1 Qh5 23. Nxd6 Rd8 24. Qf4 e5 25. Rxe5 Raxd6 26. Rxd6 Rxd6 27. Re8+ Kh7 28. Qxd6 Ne6 29. Qd3+ g6 30. Qc3 Ng7 31. Rh8+ Kxh8 32. Bf8 Qc5+ 33. Bxc5 Kg8 34. Qe5 Ne6 35. Bb4 Ba6 36. Bc3 Kf8 37. Qd6+ 1-0

[Event "NAYCC U14"]
[Site "Toronto CAN"]
[Date "2013.08.14"]
[Round "1"]
[White "Lei, Sean"]
[Black "Tao, Jeffrey"]
[Result "1/2-1/2"]
[WhiteElo "1310"]
[BlackElo "1958"]
[PlyCount "104"]
[GameId "2160767909275827"]
[EventDate "2013.08.14"]
[EventType "swiss"]
[EventRounds "9"]
[EventCountry "CAN"]
[SourceTitle "hb 2013"]

1. e4 c5 2. Nf3 d6 3. c3 Nf6 4. Be2 e6 5. e5 dxe5 6. Nxe5 Bd6 7. Nf3 O-O 8. O-O a6 9. d4 b5 10. Bg5 Nbd7 11. Re1 Bb7 12. Nbd2 Qc7 13. dxc5 Bxc5 14. Nb3 Be7 15. Nbd4 Nc5 16. Nd2 Rad8 17. Qc2 Nce4 18. Bxf6 Bxf6 19. Nxe4 Bxd4 20. Bd3 Be5 21. Ng3 g6 22. Be4 Bxe4 23. Qxe4 Bf4 24. Rad1 h5 25. Nf1 Bh6 26. Ne3 Bxe3 27. Qxe3 Qa5 28. a3 Qa4 29. Rd2 Qb3 30. h3 a5 31. Qg5 Rxd2 32. Qxd2 Rc8 33. Re4 Qa2 34. Rd4 Rc7 35. Rd7 Rc4 36. Qe1 Rc5 37. Qd1 Rf5 38. Qe2 Qb1+ 39. Rd1 Qa2 40. Rd7 Kg7 41. Kh2 Qc4 42. Qxc4 bxc4 43. f3 Rc5 44. Kg3 g5 45. f4 h4+ 46. Kf3 gxf4 47. Kxf4 Rb5 48. Rd2 Kg6 49. Kg4 Rh5 50. Rd4 Rg5+ 51. Kf3 Rf5+ 52. Ke3 Rb5 1/2-1/2

[Event "NAYCC U14"]
[Site "Toronto CAN"]
[Date "2013.08.14"]
[Round "1"]
[White "Nitu, Vladimir"]
[Black "Bellissimo, Joseph"]
[Result "0-1"]
[WhiteElo "1446"]
[BlackElo "1999"]
[PlyCount "78"]
[GameId "2160767909275829"]
[EventDate "2013.08.14"]
[EventType "swiss"]
[EventRounds "9"]
[EventCountry "CAN"]
[SourceTitle "hb 2013"]

1. d4 Nf6 2. c4 e6 3. Nc3 d5 4. Nf3 Be7 5. Bg5 O-O 6. e3 h6 7. Bh4 b6 8. Bd3 Bb7 9. cxd5 Nxd5 10. Bxe7 Qxe7 11. O-O Nd7 12. Rc1 c5 13. Qd2 cxd4 14. Nxd4 Nc5 15. Nxd5 Bxd5 16. Bb1 Rac8 17. e4 Bb7 18. Qe3 Rfd8 19. Rfd1 Rd7 20. Nb3 Rxd1+ 21. Rxd1 Rd8 22. Re1 Na4 23. Qe2 Qb4 24. Rc1 Nc5 25. Nxc5 bxc5 26. Bd3 Qd4 27. Rc3 Bxe4 28. Bxe4 Qxe4 29. Qf1 Qa4 30. Rd3 Rxd3 31. Qxd3 Qxa2 32. g3 Qxb2 33. Qd8+ Kh7 34. Qd3+ f5 35. Qd7 a5 36. Qxe6 Qb1+ 37. Kg2 Qe4+ 38. Qxe4 fxe4 39. Kf1 a4 0-1

[Event "NAYCC U14"]
[Site "Toronto CAN"]
[Date "2013.08.14"]
[Round "1"]
[White "Sirkovich, Daniel"]
[Black "D'Amore, Tyler"]
[Result "1-0"]
[WhiteElo "1768"]
[BlackElo "1036"]
[PlyCount "39"]
[GameId "2160767909275830"]
[EventDate "2013.08.14"]
[EventType "swiss"]
[EventRounds "9"]
[EventCountry "CAN"]
[SourceTitle "hb 2013"]

1. e4 c5 2. Nf3 d6 3. d4 cxd4 4. Nxd4 Nf6 5. Nc3 g6 6. Be2 Bg7 7. Be3 O-O 8. f3 Nc6 9. g4 Ne5 10. h4 Qc7 11. h5 a6 12. Qd2 b5 13. Bh6 e6 14. Bxg7 Kxg7 15. hxg6 Nxg6 16. Qh6+ Kg8 17. g5 d5 18. gxf6 Qg3+ 19. Kd1 Nh4 20. Qxh4 1-0

[Event "NAYCC U14"]
[Site "Toronto CAN"]
[Date "2013.08.14"]
[Round "1"]
[White "Song, Eric"]
[Black "Roque Sola, Jose Luis"]
[Result "1/2-1/2"]
[WhiteElo "1759"]
[BlackElo "1747"]
[PlyCount "61"]
[GameId "2160767909275831"]
[EventDate "2013.08.14"]
[EventType "swiss"]
[EventRounds "9"]
[EventCountry "CAN"]
[SourceTitle "EXT 2022"]
[Source "ChessBase"]
[SourceDate "2021.10.06"]
[SourceVersion "1"]
[SourceVersionDate "2021.10.06"]
[SourceQuality "1"]

1. e4 e6 2. d4 d5 3. Nc3 Nf6 4. Bg5 dxe4 5. Nxe4 Be7 6. Bxf6 Bxf6 7. Nf3 b6 8. c3 Bb7 9. Bd3 Nd7 10. Qc2 Qe7 11. O-O-O g6 12. h4 Bg7 13. Rde1 O-O-O 14. Kb1 h6 15. Re2 Rhe8 16. Rd1 Nf6 17. Ne5 Nxe4 18. Bxe4 Bxe5 19. Bxb7+ Kxb7 20. Rxe5 Qxh4 21. Qe2 Qe7 22. d5 Qd7 23. Re1 c6 24. c4 cxd5 25. cxd5 Rc8 26. f4 Qc7 27. Qe4 Kb8 28. dxe6 Rxe6 29. Rxe6 fxe6 30. Qxg6 Qxf4 31. Qxe6 1/2-1/2

[Event "NAYCC U14"]
[Site "Toronto CAN"]
[Date "2013.08.14"]
[Round "1"]
[White "Wang, Eric1"]
[Black "Chen, George"]
[Result "1-0"]
[WhiteElo "1870"]
[BlackElo "1158"]
[PlyCount "63"]
[GameId "2160767909275832"]
[EventDate "2013.08.14"]
[EventType "swiss"]
[EventRounds "9"]
[EventCountry "CAN"]
[SourceTitle "EXT 2022"]
[Source "ChessBase"]
[SourceDate "2021.10.06"]
[SourceVersion "1"]
[SourceVersionDate "2021.10.06"]
[SourceQuality "1"]

1. d4 d5 2. Nf3 c5 3. g3 e6 4. Bg2 Nc6 5. O-O Nf6 6. Bg5 h6 7. Bf4 b6 8. c4 Ba6 9. cxd5 Nxd5 10. Qa4 Bb7 11. Ne5 Rc8 12. Nc3 f6 13. Ng6 Rg8 14. Nxd5 exd5 15. Be3 Qd7 16. Nxf8 Rxf8 17. dxc5 bxc5 18. Bxc5 Ne7 19. Qxd7+ Kxd7 20. b4 Rfe8 21. Rfd1 Ke6 22. Bxa7 Rc2 23. e3 Rd8 24. Bc5 Nc6 25. a4 Rc4 26. Rdb1 Ba8 27. a5 d4 28. exd4 Nxd4 29. Bxd4 Bxg2 30. Kxg2 Rdxd4 31. a6 Rd8 32. b5 1-0

[Event "NAYCC U14"]
[Site "Toronto CAN"]
[Date "2013.08.14"]
[Round "1"]
[White "Ye, Hanyuan"]
[Black "Baskaran, Karthik"]
[Result "1-0"]
[WhiteElo "1971"]
[BlackElo "1382"]
[PlyCount "141"]
[GameId "2160767909275833"]
[EventDate "2013.08.14"]
[EventType "swiss"]
[EventRounds "9"]
[EventCountry "CAN"]
[SourceTitle "hb 2013"]

1. e4 c5 2. Nf3 Nc6 3. d4 cxd4 4. Nxd4 d6 5. c4 Nf6 6. Nc3 Bd7 7. Be3 Qc7 8. Be2 a6 9. O-O g6 10. Nd5 Nxd5 11. cxd5 Ne5 12. Rc1 Qd8 13. f4 Bh6 14. Rc3 f6 15. fxe5 Bxe3+ 16. Rxe3 dxe5 17. Nf3 Qb6 18. Qb3 Qa7 19. Kh1 Rc8 20. Rc3 O-O 21. Rfc1 Rxc3 22. Rxc3 Rc8 23. Rxc8+ Bxc8 24. d6+ e6 25. Bc4 Kf7 26. Qd3 Bd7 27. Qd2 g5 28. Qa5 b5 29. Bb3 g4 30. Ng1 Qb7 31. Qd8 Bc6 32. Qc7+ Qxc7 33. dxc7 Bb7 34. Ne2 Ke7 35. Nc3 Kd7 36. Kg1 Bc8 37. Kf2 Kxc7 38. Kg3 f5 39. h3 gxh3 40. Kxh3 f4 41. Kg4 Kd6 42. Kg5 Bb7 43. Bc2 Kc5 44. Ne2 a5 45. Kf6 Kd6 46. Kg5 Kc5 47. Kh6 Bc6 48. Kxh7 b4 49. Bd3 Bb5 50. Bxb5 Kxb5 51. b3 a4 52. Kg6 axb3 53. axb3 Kc6 54. Kf6 f3 55. gxf3 Kd6 56. Nc1 Kc5 57. Kxe5 Kc6 58. Kxe6 Kc5 59. Ke5 Kc6 60. Nd3 Kd7 61. Nxb4 Ke8 62. Nc6 Kf7 63. b4 Ke8 64. Ke6 Kf8 65. b5 Ke8 66. b6 Kf8 67. b7 Kg7 68. b8=Q Kg6 69. Qg8+ Kh5 70. Kf5 Kh4 71. Qg4# 1-0

[Event "NAYCC U14"]
[Site "Toronto CAN"]
[Date "2013.08.14"]
[Round "1"]
[White "Yu, Wenlu"]
[Black "Luo, Alan"]
[Result "1-0"]
[WhiteElo "2002"]
[BlackElo "1479"]
[PlyCount "121"]
[GameId "2160767909275834"]
[EventDate "2013.08.14"]
[EventType "swiss"]
[EventRounds "9"]
[EventCountry "CAN"]
[SourceTitle "hb 2013"]

1. e4 e5 2. Nf3 d6 3. Bc4 Nf6 4. d3 Be7 5. h3 Nbd7 6. O-O O-O 7. Re1 c6 8. a3 b5 9. Ba2 a5 10. c3 Bb7 11. Nbd2 c5 12. Nf1 Qc7 13. Ne3 Nb6 14. Nf5 Rac8 15. Qc2 Qd7 16. Be3 Na8 17. Bd2 Nb6 18. Rad1 b4 19. c4 Bc6 20. Re3 Ba4 21. Bb3 Bc6 22. Qc1 Nh5 23. Re2 Na8 24. g4 Nf6 25. N3h4 Nxg4 26. Nxe7+ Qxe7 27. Nf5 Qe6 28. hxg4 g6 29. Nh6+ Kh8 30. f3 f5 31. Rf1 f4 32. Rh2 Qf6 33. Kg2 Nc7 34. Rfh1 Ne6 35. Be1 Nd4 36. Bd1 Rc7 37. Bh4 Qg7 38. Bf2 Ne6 39. a4 Ng5 40. b3 Ne6 41. Qd2 Ng5 42. Qe1 Ne6 43. Kg1 Ng5 44. Qf1 Bxa4 45. bxa4 b3 46. Qe2 Rb7 47. Qb2 Re8 48. Kg2 Reb8 49. Be1 Ne6 50. Kf1 Nd4 51. g5 Qd7 52. Ng4 Qxa4 53. Nf6 h5 54. Nxh5 gxh5 55. Rxh5+ Kg7 56. Rh7+ Kf8 57. Rh8+ Ke7 58. R1h7+ Ke6 59. Qh2 Rxh7 60. Rxh7 Rf8 61. Qh6+ 1-0

[Event "NAYCC U14"]
[Site "Toronto CAN"]
[Date "2013.08.14"]
[Round "1"]
[White "Zhang, Jeff"]
[Black "Handigol, Abhishek"]
[Result "0-1"]
[WhiteElo "1493"]
[BlackElo "2023"]
[PlyCount "90"]
[GameId "2160767909275835"]
[EventDate "2013.08.14"]
[EventType "swiss"]
[EventRounds "9"]
[EventCountry "CAN"]
[SourceTitle "hb 2013"]

1. e4 e5 2. Nf3 d5 3. exd5 Bd6 4. Nc3 Nf6 5. d3 h6 6. h3 Nbd7 7. Be3 O-O 8. Be2 Nb6 9. Bxb6 axb6 10. O-O Ra5 11. Nd2 Nxd5 12. Nxd5 Rxd5 13. Bf3 Ra5 14. Re1 Re8 15. c3 c6 16. Qc2 Bf5 17. Ne4 Bg6 18. a3 f5 19. Nxd6 Qxd6 20. Rad1 Qe6 21. Rd2 e4 22. dxe4 Re5 23. Rde2 fxe4 24. Bg4 Qf7 25. Re3 h5 26. Bd1 Kh8 27. Qb3 Qf4 28. Qc4 b5 29. Qe2 Bf7 30. Qc2 Bc4 31. Be2 Bd5 32. Bd1 R8e6 33. Be2 Rf6 34. Bf1 Rg5 35. R3e2 h4 36. Qd2 Qf5 37. Kh1 Rfg6 38. f3 exf3 39. Rf2 fxg2+ 40. Bxg2 Bxg2+ 41. Rxg2 Qxh3+ 42. Rh2 Qf3+ 43. Rg2 Rxg2 44. Qd8+ Kh7 45. Qxh4+ Rh6 0-1

[Event "NAYCC U14"]
[Site "Toronto CAN"]
[Date "2013.08.14"]
[Round "1"]
[White "Zhong, Joey"]
[Black "Hua, Justin"]
[Result "1-0"]
[WhiteElo "1901"]
[BlackElo "1210"]
[PlyCount "83"]
[GameId "2160767909275836"]
[EventDate "2013.08.14"]
[EventType "swiss"]
[EventRounds "9"]
[EventCountry "CAN"]
[SourceTitle "hb 2013"]

1. e4 e5 2. Nf3 Nc6 3. Bb5 d6 4. d4 Bd7 5. Nc3 Nf6 6. O-O a6 7. Bxc6 Bxc6 8. Re1 Qe7 9. Bg5 h6 10. Bxf6 Qxf6 11. Nd5 Bxd5 12. exd5 Be7 13. dxe5 dxe5 14. Nxe5 Rd8 15. Ng4 Qxb2 16. Qe2 Rd7 17. Ne5 Rxd5 18. Ng6 Rd7 19. Nxh8 Qf6 20. Rab1 c6 21. Qg4 b5 22. Rbd1 Rxd1 23. Rxd1 Bd6 24. Qc8+ Ke7 25. Re1+ Be5 26. Qc7+ Kf8 27. Qxe5 Qxe5 28. Rxe5 g6 29. Rc5 Kg7 30. Nxf7 Kxf7 31. Rxc6 a5 32. Ra6 a4 33. Ra5 Ke7 34. Rxb5 Kd7 35. Ra5 Kc6 36. Rxa4 Kb5 37. Rg4 g5 38. a4+ Kb6 39. h4 gxh4 40. f4 Kb7 41. f5 Kc7 42. a5 1-0